|
|
|
|
| LEADER |
00000naa2a2200000 4500 |
| 001 |
410300 |
| 005 |
20231101071319.0 |
| 035 |
|
|
|a (RuTPU)RU\TPU\prd\64210
|
| 090 |
|
|
|a 410300
|
| 100 |
|
|
|a 20090317a1991 k y0rusy50 ca
|
| 101 |
0 |
|
|a rus
|
| 102 |
|
|
|a RU
|
| 200 |
1 |
|
|a Взаимодействие воды с алюмосиликатными горными породами
|e обзор
|f С. Л. Шварцев
|
| 320 |
|
|
|a Библиогр.: с. 47-50 назв.
|
| 330 |
|
|
|a Анализ опубликованных данных по проблемам взаимодействия воды с алюмосиликатами в различных зонах земной коры показал, что система вода - порода обладает рядом уникальных свойств и способностей, многие из которых ранее ускользали от взгляда исследователей. Равновесно-неравновесный характер рассматриваемой системы делает ее внутренне противоречивой, способной к самопроизвольному непрерывному, геологически длительному развитию с формированием принципиально новых минеральных фаз и новых геохимических типов воды. Физико-химическая и геологическая ее эволюция приводит к непрерывному воспроизводству новых систем, состоящих из вторичных минеральных фаз и воды определенного состава, которые включаются в новый цикл взаимодействий, что в конечном итоге приводит к формированию последовательно сменяющихся парагенетических комплексов вторичных минеральных новообразований в тесной ассоциации с определенными геохимическими типами воды.
|
| 461 |
|
0 |
|0 (RuTPU)RU\TPU\prd\1420
|x 0016-7886
|t Геология и геофизика
|o научный журнал
|f Российская академия наук (РАН), Сибирское отделение (СО)
|d 1960-
|
| 463 |
|
0 |
|0 (RuTPU)RU\TPU\prd\63711
|t № 12
|v С. 16-50
|d 1991
|
| 610 |
1 |
|
|a труды учёных ТПУ
|
| 700 |
|
1 |
|a Шварцев
|b С. Л.
|c российский гидрогеолог, доктор геолого-минералогических наук
|c профессор Томского политехнического университета, академик РАЕН
|f 1936-
|g Степан Львович
|2 stltpush
|3 (RuTPU)RU\TPU\pers\25914
|4 070
|
| 801 |
|
1 |
|a RU
|b 63413507
|c 20090317
|g PSBO
|
| 801 |
|
2 |
|a RU
|b 63413507
|c 20120423
|g PSBO
|
| 942 |
|
|
|c BK
|